Hodnotenie zamestnancov ako súčasť riadenia pracovného výkonu dizertačná práca

Salvato in:
Dettagli Bibliografici
Autore principale: Vaďurová, Zuzana
Ente Autore: Fakulta podnikového manažmentu EU. Katedra manažmentu
Altri autori: Kachaňáková, Anna
Natura: Libro
Lingua:slovacco
Pubblicazione: Bratislava 2009
Soggetti:
Tags: Aggiungi Tag
Nessun Tag, puoi essere il primo ad aggiungerne!!

MARC

LEADER 00000nam$a2200000$$$4500
001 0106132
005 20240502072158.5
041 0 |a slo 
044 |a SK 
245 1 0 |a Hodnotenie zamestnancov ako súčasť riadenia pracovného výkonu  |b dizertačná práca  |c Zuzana Vaďurová ; škol. Anna Kachaňáková 
264 1 |a Bratislava  |c 2009 
300 |a 166 s. 
610 2 0 |a hodnotenie pracovníkov 
610 2 0 |a výkony pracovné 
610 2 0 |a riadenie ľudských zdrojov 
100 1 |a Vaďurová, Zuzana 
700 1 |a Kachaňáková, Anna 
710 2 |a Fakulta podnikového manažmentu EU. Katedra manažmentu